000 00435nam a22001817a 4500
003 MPLRDC
005 20220104142515.0
008 210129b ||||| |||| 00| 0 eng d
020 _a962-357-307-3
082 _a857.8 CJXS v.1 c.2
100 _a柳星河
245 _a支票轮盘
_c
260 _a
_b明窗出版社
_c1991
300 _b
490 _a财经小说系列
650 _a小说
942 _cBK
_o857.8 CJXS v.1 c.2
999 _c31450
_d31440